| 000 | 00683nam a2200205 a 4500 | ||
|---|---|---|---|
| 001 | 000040800 | ||
| 005 | 20201002034404.0 | ||
| 008 | 130906s2010 sp ac 000 0 spa d | ||
| 020 | _a9788498975253 | ||
| 100 | 1 |
_aBehar, Ruth _967222 |
|
| 240 | 1 | 0 |
_aTítulo original: An island called home _lespañol |
| 245 | 4 |
_aUna isla llamada hogar / _cRuth Behar ; fotografías de Humberto Mayol ; traducción al español, César Mora. |
|
| 260 |
_aBarcelona : _bLinkgua, _c2010. |
||
| 300 |
_a339 p. : _bil., retrs. ; _c23 cm. |
||
| 500 | _aCronología: p. 311-324 | ||
| 504 | _aBibliografía : p. 329-333 | ||
| 700 | 1 |
_aBehar, Ruth _967222 |
|
| 700 | 1 |
_aJudíos _967223 |
|
| 999 |
_c40290 _d40290 |
||
| 040 | _aDO-SdBNP | ||